00566nam a22001457a 4500003000400000005001700004008004100021040001400062100002600076245011100102260000900213300002800222500014300250504002700393OSt20171010095527.0121004t xxu||||| |||| 00| 0 eng d aMMSUcULS aLara, Mark Anthony A. aEffects of soil from motor shop on the growth of carabao grass (Paspalum conjugatum)cMark Anthony A. Lara c2008 axii, 30 leaves c28 cm. aThesis (BS Environmental Science) -- Mariano Marcos State University-College of Agriculture, Food and Sustainable Development, Batac City  aBibliography: leaf 19